Six of the best (Record no. 80787)
[ view plain ]
| 000 -LEADER | |
|---|---|
| fixed length control field | 01264cab a22002055a 4500 |
| 001 - CONTROL NUMBER | |
| control field | L145345 |
| 008 - FIXED-LENGTH DATA ELEMENTS--GENERAL INFORMATION | |
| fixed length control field | 080916e20080912enkaeo f 000 0 eng d |
| 035 ## - SYSTEM CONTROL NUMBER | |
| System control number | (Sirsi) u145345 |
| 041 0# - LANGUAGE CODE | |
| Language code of text/sound track or separate title | eng |
| 100 1# - MAIN ENTRY--PERSONAL NAME | |
| Personal name | Spring, Martin |
| 245 00 - TITLE STATEMENT | |
| Title | Six of the best |
| 260 ## - PUBLICATION, DISTRIBUTION, ETC. | |
| Date of publication, distribution, etc. | 2008 |
| 490 ## - SERIES STATEMENT | |
| Series statement | Building |
| Volume/sequential designation | 273(8546) 12 September 2008, 52-59(8) |
| 520 ## - SUMMARY, ETC. | |
| Summary, etc. | The third in a series of six articles on school developments (see other articles under references L145210, L145344, L145349, L145354, L145360). Presents six recently completed BSF schools: Titus Salt School in Bradford; Pudsey Grangefield High School in Leeds; Buttershaw Business and Enterprise College in Bradford; Frederick Bremer School in Waltham Forest, North-East London; Kelmscott school (refurbishment) in Waltham Forest, North-East London; and Park Campus Unit Referral Unit in Lambeth, South London. Reports on the current trends in these school buildings. Provides for each school: name of the architect; name of BSF contractors; cost per m2, cost per pupil; main features of school and plan. |
| 590 ## - LOCAL NOTE (RLIN) | |
| Local note | KA |
| 650 24 - SUBJECT ADDED ENTRY--TOPICAL TERM | |
| Topical term or geographic name entry element | BUILDING SCHOOLS FOR THE FUTURE |
| 651 #4 - SUBJECT ADDED ENTRY--GEOGRAPHIC NAME | |
| Geographic name | England |
| Chronological subdivision | 886- |
| 690 ## - LOCAL SUBJECT ADDED ENTRY--TOPICAL TERM (OCLC, RLIN) | |
| Topical term or geographic name as entry element | BUILT ENVIRONMENT-BUILDING TYPES-EDUCATIONAL, INFORMATION AND SCIENTIFIC FACILITIES |
| 942 ## - ADDED ENTRY ELEMENTS (KOHA) | |
| Suppress in OPAC | 0 |
| Withdrawn status | Lost status | Source of classification or shelving scheme | Damaged status | Not for loan | Home library | Current library | Shelving location | Date acquired | Total Checkouts | Full call number | Barcode | Date last seen | Copy number | Price effective from | Koha item type |
|---|---|---|---|---|---|---|---|---|---|---|---|---|---|---|---|
| Dewey Decimal Classification | London | London | Journal article | 01/10/2008 | L145345 | 145345-1001 | 06/08/2019 | 1 | 06/08/2019 | Journal article |